Planètes de Star Wars par images - Statistiques

Statistiques générales
  • Ce quiz a été pris 34 fois
  • Le résultat moyen est 10 sur 12
Statistiques - réponses
Par images Réponse % Correct
Naboo
97%
Tatooine
94%
Coruscant
90%
Dagobah
87%
Mustafar
87%
Endor
84%
Hoth
84%
Alderaan
77%
Kamino
68%
Kashyyyk
68%
Geonosis
65%
Jakku
52%
Aucun quiz correspondant
Distribution des résultats
% des personnes avec chaque résultat
Percentile par nombre de réponses
Votre historique - résultats
Vous n’avez pas pris ce quiz